The IVP Bible background commentary : (Record no. 121117)
[ view plain ]
| 000 -LEADER | |
|---|---|
| fixed length control field | 02401fam a2200349 a 4500 |
| 001 - CONTROL NUMBER | |
| control field | 1481883 |
| 003 - CONTROL NUMBER IDENTIFIER | |
| control field | ARRUPE |
| 005 - DATE AND TIME OF LATEST TRANSACTION | |
| control field | 20150312020005.0 |
| 008 - FIXED-LENGTH DATA ELEMENTS--GENERAL INFORMATION | |
| fixed length control field | 931025s1993 ilub b 000 0 eng |
| 010 ## - LIBRARY OF CONGRESS CONTROL NUMBER | |
| LC control number | 93040939 |
| 020 ## - INTERNATIONAL STANDARD BOOK NUMBER | |
| International Standard Book Number | 0830814051 |
| 035 ## - SYSTEM CONTROL NUMBER | |
| System control number | (OCoLC)29313370 |
| 035 ## - SYSTEM CONTROL NUMBER | |
| System control number | (OCoLC)ocm29313370 |
| 035 ## - SYSTEM CONTROL NUMBER | |
| System control number | (NNC)1481883 |
| 040 ## - CATALOGING SOURCE | |
| Original cataloging agency | DLC |
| Transcribing agency | DLC |
| Modifying agency | NNC |
| 050 00 - LIBRARY OF CONGRESS CALL NUMBER | |
| Classification number | BS2341.2 |
| Item number | .K445 1993 |
| 082 00 - DEWEY DECIMAL CLASSIFICATION NUMBER | |
| Classification number | 225.7 |
| Edition number | 20 |
| 300 ## - PHYSICAL DESCRIPTION | |
| Other physical details | maps ; |
| Dimensions | 24 cm. |
| 100 1# - MAIN ENTRY--PERSONAL NAME | |
| Personal name | Keener, Craig S., |
| Dates associated with a name | 1960- |
| 9 (RLIN) | 11512 |
| 245 14 - TITLE STATEMENT | |
| Title | The IVP Bible background commentary : |
| Remainder of title | New Testament / |
| Statement of responsibility, etc | Craig S. Keener. |
| 260 ## - PUBLICATION, DISTRIBUTION, ETC. (IMPRINT) | |
| Place of publication, distribution, etc | Downers Grove, Ill. : |
| Name of publisher, distributor, etc | InterVarsity Press, |
| Date of publication, distribution, etc | c1993. |
| 263 ## - PROJECTED PUBLICATION DATE | |
| Projected publication date | 9411 |
| 300 ## - PHYSICAL DESCRIPTION | |
| Extent | 831 p. : |
| 504 ## - BIBLIOGRAPHY, ETC. NOTE | |
| Bibliography, etc | Includes bibliographical references. |
| 520 ## - SUMMARY, ETC. | |
| Summary, etc | Why was labeling the Pharisees "white-washed tombs" one of the strongest criticisms Jesus could have made? Why were the disciples, after Jesus' death and resurrection, determined to replace Judas and keep their number exactly at twelve? What is the background to Paul's denunciation of homosexual behavior? Why did Paul expect Corinthian women to cover their heads? |
| 520 8# - SUMMARY, ETC. | |
| Summary, etc | These and hundreds of other similar questions arise for anyone who reads and tries to live by the Bible. Today's world is very different from the Greek, Roman and Jewish world of Jesus and the New Testament writers. Scholars devote their lives to the study of languages, archaeology and history in order to better understand the Bible and its cultures. But often the results of their studies are found only in academic libraries. |
| 520 8# - SUMMARY, ETC. | |
| Summary, etc | For the first time, Craig Keener's Bible Background Commentary: New Testament provides the fruit of scholarly labors in a single volume arranged in convenient verse-by-verse format, covering the entire New Testament. |
| 520 8# - SUMMARY, ETC. | |
| Summary, etc | Based on ten years of in-depth study, the Bible Background Commentary will be valuable for pastors in sermon preparation, for Sunday-school and other church teachers as they build lessons, for missionaries concerned not to import their own cultural biases into the Bible, for college and seminary students in classroom assignments, and for everyday Bible readers seeking to deepen and enhance their study of Scripture. |
| 630 00 - SUBJECT ADDED ENTRY--UNIFORM TITLE | |
| Uniform title | Bible. |
| Name of part/section of a work | New Testament |
| Form subdivision | Commentaries. |
| 9 (RLIN) | 12166 |
| 710 2# - ADDED ENTRY--CORPORATE NAME | |
| Corporate name or jurisdiction name as entry element | InterVarsity Press. |
| 9 (RLIN) | 12167 |
| 900 ## - EQUIVALENCE OR CROSS-REFERENCE-PERSONAL NAME [LOCAL, CANADA] | |
| Numeration | TOC |
| 942 ## - ADDED ENTRY ELEMENTS (KOHA) | |
| Source of classification or shelving scheme | Library of Congress Classification |
| Koha item type | Monograph ( Printed materials) |
| Koha issues (borrowed), all copies | 1 |
| Withdrawn status | Lost status | Source of classification or shelving scheme | Damaged status | Not for loan | Collection code | Home library | Current library | Shelving location | Date acquired | Total Checkouts | Full call number | Barcode | Date last seen | Date checked out | Price effective from | Koha item type |
|---|---|---|---|---|---|---|---|---|---|---|---|---|---|---|---|---|
| Library of Congress Classification | Main Collection | ARRUPE LIBRARY | ARRUPE LIBRARY | Main Collection | 17/10/2014 | 3 | BS2341.2 .K445 1993 | 46500003778 | 30/10/2018 | 18/10/2018 | 17/10/2014 | Monograph ( Printed materials) |